000 00273nam a2200109Ia 4500
008 200302s9999 xx 000 0 und d
100 _aR.Nath
245 _aHistory of Moghal Architecture Vol. IV ,part-I
260 _bAbhinav Publications
260 _c2005
300 _a256p.,
999 _c2507
_d2507